Settler Colonial Governance in Nineteenth-Century Victoria (Record no. 351306)
[ view plain ]
| 000 -LEADER | |
|---|---|
| fixed length control field | 00679nam a2200133Ia 4500 |
| 008 - FIXED-LENGTH DATA ELEMENTS--GENERAL INFORMATION | |
| fixed length control field | 171212s9999 xx 000 0 und d |
| 020 ## - INTERNATIONAL STANDARD BOOK NUMBER | |
| International Standard Book Number | 9781925022346 |
| 100 ## - MAIN ENTRY--PERSONAL NAME | |
| Personal name | Boucher, Leigh;Russell, Lynette |
| 245 ## - TITLE STATEMENT | |
| Statement of responsibility, etc | Boucher, Leigh;Russell, Lynette |
| Title | Settler Colonial Governance in Nineteenth-Century Victoria |
| 260 ## - PUBLICATION, DISTRIBUTION, ETC. (IMPRINT) | |
| Name of publisher, distributor, etc | ANU E Press |
| Date of publication, distribution, etc | 2015 |
| 650 ## - SUBJECT ADDED ENTRY--TOPICAL TERM | |
| Topical term or geographic name as entry element | Aboriginal Australians -- Victoria -- Government relations -- History; Aboriginal Australians -- Government policy -- Victoria -- History; Aboriginal Australians, Treatment of -- Victoria -- History; Victoria -- Politics and government -- 19th century |
| 650 ## - SUBJECT ADDED ENTRY--TOPICAL TERM | |
| Topical term or geographic name as entry element | History |
| 856 ## - ELECTRONIC LOCATION AND ACCESS | |
| Uniform Resource Identifier | <a href="http://www.jstor.org/stable/j.ctt1657v4w">http://www.jstor.org/stable/j.ctt1657v4w</a> |
| Withdrawn status | Lost status | Damaged status | Home library | Current library | Date acquired | Total Checkouts | Date last seen | Price effective from | Koha item type |
|---|---|---|---|---|---|---|---|---|---|
| College Library | College Library | 12/12/2017 | 12/12/2017 | 12/12/2017 | Curriculum - Based eBooks |